Singh v Sandwell MBC (Record no. 37803)
[ view plain ]
| 000 -LEADER | |
|---|---|
| fixed length control field | 01683cab a2200241 4500 |
| 001 - CONTROL NUMBER | |
| control field | ABS47230 |
| 008 - FIXED-LENGTH DATA ELEMENTS--GENERAL INFORMATION | |
| fixed length control field | 090401t1992 xxu||||| |||| 00| 0 eng d |
| 035 ## - SYSTEM CONTROL NUMBER | |
| System control number | (Sirsi) u61129 |
| 041 ## - LANGUAGE CODE | |
| Language code of text/sound track or separate title | eng |
| 245 ## - TITLE STATEMENT | |
| Title | Singh v Sandwell MBC |
| 260 ## - PUBLICATION, DISTRIBUTION, ETC. | |
| Date of publication, distribution, etc. | 1992 |
| 350 ## - PRICE (NR) (BK AM CF MU VM SE) [OBSOLETE] | |
| Price | 0 |
| 490 ## - SERIES STATEMENT | |
| Series statement | Property and Compensation Reports |
| Volume/sequential designation | (1992) 64 PCR 323-328(4) |
| 520 ## - SUMMARY, ETC. | |
| Summary, etc. | LT 23 March 1992. Concerned a disagreement over the compensation payable for the compulsory purchase of an unfit two-bedroomed terraced house in a clearance area. The site value was agreed at £750 and the full compulsory purchase value at £26,000 giving an owner-occupation supplement of £25,250. The later was only payable if the house had been wholly or partly occupied as a private dwelling during the two years previous to the area being declared a clearance area. The `qualifying period` was 18 December 1982 to 18 December 1984. The claimant had bought the property in mid 1982 but his family remained in another house until he did repairs. About 75% of their furniture was moved in November 1982 and the family moved in in early 1983 after which they went to India for six months. He was given a void rate allowance for the property from December 1982 to December 1983. He paid water and electricity charges but did not register on the electoral register until 1984. The council claimed that |
| 650 ## - SUBJECT ADDED ENTRY--TOPICAL TERM | |
| Topical term or geographic name entry element | CLEARANCE AREA |
| 650 ## - SUBJECT ADDED ENTRY--TOPICAL TERM | |
| Topical term or geographic name entry element | COMPLUSORY PURCHASE |
| 650 ## - SUBJECT ADDED ENTRY--TOPICAL TERM | |
| Topical term or geographic name entry element | HOUSING ACT 1985 |
| 650 ## - SUBJECT ADDED ENTRY--TOPICAL TERM | |
| Topical term or geographic name entry element | OWNER-OCCUPIER SUPPLEMENT |
| 650 ## - SUBJECT ADDED ENTRY--TOPICAL TERM | |
| Topical term or geographic name entry element | OWNER-OCCUPATION |
| 690 ## - LOCAL SUBJECT ADDED ENTRY--TOPICAL TERM (OCLC, RLIN) | |
| Topical term or geographic name as entry element | ENVIRONMENTAL AND LAND CONSULTANCY-PLANNING AND DEVELOPMENT-COMPULSORY PURCHASE AND COMPENSATION |
| 942 ## - ADDED ENTRY ELEMENTS (KOHA) | |
| Suppress in OPAC | 0 |
| 948 ## - LOCAL PROCESSING INFORMATION (OCLC); SERIES PART DESIGNATOR (RLIN) | |
| c (OCLC) | 04/03/1997 |
| Withdrawn status | Lost status | Source of classification or shelving scheme | Damaged status | Not for loan | Home library | Current library | Shelving location | Date acquired | Total Checkouts | Full call number | Barcode | Date last seen | Copy number | Price effective from | Koha item type |
|---|---|---|---|---|---|---|---|---|---|---|---|---|---|---|---|
| Dewey Decimal Classification | London | London | Journal article | 14/09/1999 | ABS47230 | 61129-1001 | 06/08/2019 | 1 | 06/08/2019 | Law report |